MARC details
| 000 -CABECERA |
| campo de control de longitud fija |
00915nam a2200253 a 4500 |
| 005 - FECHA Y HORA DE LA ÚLTIMA TRANSACCIÓN |
| campo de control |
20240424063739.0 |
| 008 - ELEMENTOS DE LONGITUD FIJA--INFORMACIÓN GENERAL |
| campo de control de longitud fija |
030307m19952000mx r 000 0 spa d |
| 020 ## - NÚMERO INTERNACIONAL NORMALIZADO PARA LIBROS |
| Número Internacional Estándar del Libro |
9706513612 |
| 035 ## - NÚMERO DE CONTROL DEL SISTEMA |
| Número de control de sistema |
UPN01000122636 |
| 049 ## - COLECCIÓN |
| Colección |
CG |
| 050 #4 - SIGNATURA TOPOGRÁFICA DE LA BIBLIOTECA DEL CONGRESO |
| Número de clasificación |
HQ743 |
| Número de documento/Ítem |
G7.48 |
| 100 1# - ASIENTO PRINCIPAL--NOMBRE PERSONAL |
| Nombre de persona |
Gray, John, |
| Fechas asociadas al nombre |
1948- |
| 9 (RLIN) |
35015 |
| 245 13 - MENCIÓN DE TÍTULO |
| Título |
Los hombres son de Marte, las mujeres son de Venus / |
| Mención de responsabilidad, etc. |
John Gray ; tr. Alejandro Tiscornia. |
| 260 ## - PUBLICACIÓN, DISTRIBUCIÓN, ETC. |
| Lugar de publicación, distribución, etc. |
México : |
| Nombre del editor, distribuidor, etc. |
Océano, |
| Fecha de publicación, distribución, etc. |
c1995 (2000 impr.). |
| 300 ## - DESCRIPCIÓN FÍSICA |
| Extensión |
324 p. |
| 440 #0 - MENCIÓN DE SERIE/ASIENTO SECUNDARIO--TÍTULO |
| Título |
Para estar en el mundo. |
| Nombre de parte o sección de la obra |
Para estar bien |
| 534 ## - NOTA SOBRE LA VERSIÓN ORIGINAL |
| Frase introductoria |
Traducción de: |
| Mención de título del original |
Men are from Mars, women are from Venus |
| 500 ## - NOTA GENERAL |
| Nota general |
"Una guía práctica para mejorar la comunicación y obtener lo que usted desea de su pareja" |
| 650 #4 - ASIENTO SECUNDARIO DE MATERIA - TERMINO TEMATICO |
| Término de materia o nombre geográfico como elemento de entrada |
Matrimonio |
| 9 (RLIN) |
5341 |
| 650 #0 - ASIENTO SECUNDARIO DE MATERIA - TERMINO TEMATICO |
| Término de materia o nombre geográfico como elemento de entrada |
Relación hombre-mujer |
| 9 (RLIN) |
1566 |
| 650 #4 - ASIENTO SECUNDARIO DE MATERIA - TERMINO TEMATICO |
| Término de materia o nombre geográfico como elemento de entrada |
COMUNICACION EN EL MATRIMONIO |
| 9 (RLIN) |
9557 |
| 856 40 - LOCALIZACIÓN Y ACCESO ELECTRÓNICOS |
| Identificador Uniforme del Recurso |
<a href="http://www.marsvenus.com/index.php">http://www.marsvenus.com/index.php</a> |
| 905 ## - TIPO DE MATERIAL |
| Tipo de material |
Libro |